000 01332cam a2200373 a 4500
001 732642
003 EG-ScBUE
005 20220102114909.0
008 980410s1997 enka f b 000 0beng d
020 _a0140434933
020 _a9780140434934
035 _a(OCoLC)38933923
040 _aCL
_beng
_erda
_cCL
_dDLC
_dEG-ScBUE
043 _ae-uk---
082 0 4 _a823.8
_bGAS
_222
100 1 _aGaskell, Elizabeth Cleghorn,
_d1810-1865,
_eauthor.
_920983
245 1 4 _aThe Life of Charlotte Bronte /
_cElizabeth Gaskell ; edited with introduction and notes by Elisabeth Jay.
264 1 _aLondon :
_bPenguin Books,
_c1997.
300 _axli, 494 pages :
_billustrations ;
_c20 cm.
336 _2rdacontent
_atext
_btxt
337 _2rdamedia
_aunmediated
_bn
338 _2rdacarrier
_avolume
_bnc
490 0 _aPenguin classics
500 _aOriginally published: London: Smith, Elder & Co., 1857.
504 _aIncludes bibliographical references.
600 1 7 _aBronte, Charlotte,
_d1816-1855.
_2BUEsh
_920982
650 7 _aNovelists, English
_y19th century
_vBiography.
_920984
_2BUEsh
651 _2BUEsh
653 _bHHUUEENN
_cDecember2021
655 _vReading book
_934232
700 1 _aJay, Elisabeth.
_eeditor.
_920985
942 _2ddc
_cBB
999 _c14813
_d14813